000 01204cam a22002411 4500
001 he 68000173
003 DLC
005 20260227111452.0
008 850226s1967 is h 001 0 hebr
010 _ahe 68000173
035 _a(OCoLC)11735170
040 _aDLC
_cWU
_dDLC
042 _apremarc
050 0 0 _aBM522.45
_b.A5
100 0 _aIsaiah ben Mali,
_cdi Trani,
_dapproximately 1200-
245 1 0 _aTeshuvot ha-Rid.
260 _aYerushalayim :
_b"Yad ha-Rav Hertsog"--iḥud mifʻalim Toratiyim-sifrutiyim (Emet), Mekhon ha-Talmud ha-Yiśreʼeli ha-shalem,
_c727 [1967]
300 _a66 p., 536 columns, 540-595 p. :
_bfacsims. ;
_c27 cm.
500 _aAdded t.p.: Teshuvot harid : the Responsa of Rabbi Isaiah the Elder of Terrani, Italy (13th cent.). Issued for the 1st time from Cambridge Manuscript with introd., annotations and indices by A.J. Wertheimer. Jerusalem : "Yad Harav Herzog"--Rabbi Herzog World Academy ("Emet"), Institute for the Complete Israeli Talmu ; supported by the Wurzweiler Foundation and Astore Mayer Foundation.
650 0 _aResponsa
_y1040-1600.
700 1 _aWertheimer, Abraham Joseph.
710 2 _aMekhon ha-Talmud ha-Yiśreʼeli ha-shalem, Yerushalayim.
999 _c32839
_d32839